| 000 | 01164nam0a22002531 4500 | ||
|---|---|---|---|
| 001 | rc\626481 | ||
| 005 | 20260407084423.0 | ||
| 035 | _a(NLR Aleph) 005869026 | ||
| 090 |
_a5959002 _c5959002 |
||
| 100 | _a20031121d1986 |||y0rusy50 ca | ||
| 101 | 0 | _arus | |
| 102 | _aRU | ||
| 105 | _aa ||||||||| | ||
| 200 | 1 |
_aИССЛЕДОВАНИЕ задач по геометрии _eМетод. разраб. для студентов физ.-мат. фак. _fМ-во просвещения РСФСР, Куйбышев. гос. пед. ин-т им. В.В. Куйбышева, Ор. гос. пед. ин-т им. Т.Г. Шевченко _g[Сост. к. ф.-м. н. Д.Ф. Изаак] |
|
| 210 |
_aКуйбышев _cКуйбышев. гос. пед. ин-т _d1986 |
||
| 215 |
_a44 с. _cил. _d20 |
||
| 320 | _aБиблиогр.: с. 4 | ||
| 702 | 1 |
_aИзаак _bД.Ф. _gДавид Францевич _4220 |
|
| 712 | 0 | 2 |
_aКуйбышевский педагогический институт им. В. В. Куйбышева _9297604 _3RU\NLR\AUTH\8812420 |
| 801 | 0 |
_aRU _bNLR _gpsbo |
|
| 801 | 1 |
_aRU _bELAR _2rusmarc |
|
| 852 |
_aNLR _j91-4/9246 |
||
| 942 | _cBOOK | ||
| 980 | _aNB | ||